| 000 | 00564cam a22002057a 4500 | ||
|---|---|---|---|
| 001 | 001349 | ||
| 003 | armpunfd | ||
| 005 | 20140612090637.0 | ||
| 008 | 040206e0####xx#a##########000#0#und#d | ||
| 040 |
_aarmpunfd _carmpunfd |
||
| 080 | _a343.2 (87) | ||
| 100 | 1 | 0 | _a Chiossone, Tulio |
| 245 | 1 | 0 | _aDelitos innominados |
| 260 |
_a Aracas : Instituto De Ciencias Penales Y Criminologicas _b1977. 146 P. |
||
| 650 | 7 |
_a Delitos Innominados _2LEMB |
|
| 650 | 7 |
_a Delitos _2LEMB |
|
| 650 | 7 |
_a Faltas _2LEMB |
|
| 942 |
_cLB _2cdu |
||
| 945 |
_aCatalis _d2010-08-19 |
||
| 999 |
_c1340 _d231844 |
||